35 Words That End With 'Line' Quiz Stats

Quiz Updated Aug 27, 2015

Also try: Ends in 'ITE'
Challenge
Share
Tweet
Embed
Score 0/35 Timer 05:00
1 Play Today
Hint Word % Correct
Pertaining to catsFeline
96.3%
The latest time or date by which something should be completedDeadline
93.2%
Petrol in USAGasoline
91.4%
What recedes on the follicly challengedHairline
90.8%
To lean or lie back in a relaxed positionRecline
89.8%
Having qualities or appearance traditionally associated with menMasculine
87.8%
Text at the top of a newspaper articleHeadline
87.2%
What expands after too many big mealsWaistline
87.1%
An upward graded slopeIncline
85.3%
e.g. United, American, Lufthansa, FrontierAirline
83%
The boundary between land and oceanCoastline
81.8%
A conduit for conveying oil, gas over long distancesPipeline
75.6%
The level of the lower edge of a garmentHemline
75.1%
A series of events listed in chronological orderTimeline
73.7%
To be in a state of no progress or advancement; medically, having no heartbeatFlatline
73.4%
A phone which does not use radio wavesLandline
71.7%
Related to the internet, what you have to be to be playing this quizOnline
71.5%
A type of petroleum jellyVaseline
71.1%
Hint Word % Correct
To become smaller, fewer, or lessDecline
69%
A hormone secreted by the adrenal medulla; an epinephrine rushAdrenaline
64.9%
To knock down an opponent by placing one's outstretched arm at neck levelClothesline
61%
A line extending from an observer's eye to a viewed object or area Sightline
59.1%
A fabric springboard for acrobatic or gymnastic exercisesTrampoline
54.3%
To render incapable of participation (often connected to injury)Sideline
52.5%
Non-acidic, having a relatively low concentration of hydrogen ionsAlkaline
49.5%
A sequence of direct ancestors especially in a pedigreeBloodline
42.2%
A branding slogan typically used in marketingTagline
40.7%
A structural summary of a written workOutline
39.9%
A general rule, principle, or piece of adviceGuideline
37.4%
The line to which a vessel's hull is immersed when loaded in a specified wayWaterline
37.2%
To improve the appearance or efficiency of; modernizeStreamline
37.2%
To take a straight, direct path from one point to another; often preceded by 'make a'Beeline
34.1%
The line along which the horizon is visibleSkyline
25.6%
Depression era charity that provided foodBreadline
23.3%
On the cuspBorderline
15.1%

You're not logged in!

Compare scores with friends on all Sporcle quizzes.
Sign Up with Email
OR
Log In

You Might Also Like...

Show Comments

Extras

Top Quizzes Today


Score Distribution

Your Account Isn't Verified!

In order to create a playlist on Sporcle, you need to verify the email address you used during registration. Go to your Sporcle Settings to finish the process.